Imunita a výsady diplomatických pracovníkov diplomová práca

Gespeichert in:
Bibliographische Detailangaben
1. Verfasser: Kleibl, Imelda
Körperschaft: Fakulta medzinárodných vzťahov EU. Katedra medzinárodného práva
Weitere Verfasser: Mráz, Stanislav
Format: Buch
Sprache:Slowakisch
Veröffentlicht: Bratislava 2008
Tags: Tag hinzufügen
Keine Tags, Fügen Sie das erste Tag hinzu!

MARC

LEADER 00000nam$a2200000$$$4500
001 0075977
005 20240201115318.9
041 0 |a slo 
044 |a SK 
245 1 0 |a Imunita a výsady diplomatických pracovníkov  |b diplomová práca  |c Imelda Kleibl ; škol. Stanislav Mráz 
264 1 |a Bratislava  |c 2008 
300 |a 74 s. 
100 1 |a Kleibl, Imelda 
700 1 |a Mráz, Stanislav 
710 2 |a Fakulta medzinárodných vzťahov EU. Katedra medzinárodného práva